| 000 | 00387 a2200133 4500 | ||
|---|---|---|---|
| 082 | _a297.1227 | ||
| 090 |
_c3386 _d3386 |
||
| 100 | _aSehikh Ahmed Sirhindi | ||
| 245 |
_aMaktoob-e-Imam Rabbani (Vol II) _cSehikh Ahmed Sirhindi _h[Urdu] |
||
| 260 |
_aLahore: _bIdara Islamiyaat, _c1988. |
||
| 300 |
_a744 p. ; _c24 cm. |
||
| 650 | _aSehikh Ahmed Sirhindi--Biography | ||
| 942 |
_cBK _k297.1227 RAB |
||
| 999 |
_c7297 _d7297 |
||